01904njm a2200373Ia 4500001000600000003000900006005001700015008004100032040001300073040001300086100001100099100001800110100003800128245003000166250001100196260001100207260002800218300001700246300002900263500008700292505021900379511009200598511008800690511008600778650005200864700006300916700008500979700008701064700005801151700007901209700006001288700008501348700009701433D3697IT-RoPAU20220918181115.0131025s9999 xx 000 0 und d aIT-RoPAU cIT-RoPAU aAA.VV. eAutore musica gCodice autore musica SPICS: 12000 aMassimo Urbano Invitation a2a ed. aMILANO bRUSCONIc1995 [1a Ed.:] aCOMPACT DISC c76 minuti (Testo: pag.) aMusica jazz. Cd fuori commercio allegato al n.10 1995 della rivista "Musica jazz". aLavori casalinghi [(Macerata, 23 luglio 1977) (24:00)] - Invitation (11:00) - Old Folks (13:00)] - Rhythm A Ning [(Perugia, 26 novembre 1983) (12:00)] - My Little Suede Shoes (Urbisaglia, 24 novembre 1984) (12:00)] aRava Enrico: tr; Urbani Massimo: alto; Jenny-Clark Jean-Francois: cb; Romano Aldo: batt aUrbani Massimo: alto; Melillo Mike: p; Moriconi Massimo: cb; Pellegatti Paolo: batt aUrbani Massimo: alto; Gargioni Carlo: p; Giolito Roberto: cb; Angeletti Leo: batt aJAZZ [COMPACT DISC]eCodice MATERIA SPICS: 9949 aUrbani MassimodCodice interprete SPICS: 44873eInterprete aRava EnricodCodice autore musica SPICS: 16382eAutore musicapLavori casalinghi aWebster Paul FrancisdCodice autore musica SPICS: 23770eAutore musicapInvitation aKaperdCodice autore SPICS: 23713eAutorepInvitation aHill David B.dCodice autore musica SPICS: 16371eAutore musicapOld Folks aRobinsondCodice autore SPICS: 19976eAutorepOld Folks aMonk TheloniousdCodice autore musica SPICS: 10795eAutore musicapRhythm A Ning aParker Charlie (B.)dCodice autore musica SPICS: 10799eAutore musicapMy Little Suede Shoes